• 首页
  • 本馆介绍
  • 公告通知
  • 最新文献
  • 馆藏检索
  • 电子资源
  • 读者导购
  • 参考咨询
  • 我的图书馆
  • 登录
  • 详细信息显示
  • 放入我的书架
  • 预约/预借图书
  • 作者相关作品
  • 分类相关作品
  • 丛书相关作品
  • 出版社相关作品

书目信息

  • 表格格式
  • 工作单格式
  • 卡片格式
题名:
物资储存与搬运
    
 
作者: ;解放军后勤科学研究所 译
分册:  
出版信息: 北京   金盾出版社  1984
页数: 494页
开本: 25cm
丛书名:
单 册:
中图分类: F25
科图分类:
主题词: 物资储备 , 物资调度 , 物资经济
电子资源:
ISBN:
000 00710nam0 2200265 45
001 0184013360
005 20040429103827.9
010    @dCNY3.70
091    @a15038.1001
100    @a19950428d1984 em y0chiy0121 ea
101 1  @achi@ceng
102    @aCN@b110000
105    @ay z 000yy
106    @ar
200 10 @a物资储存与搬运@Awu zi chu cun yu ban yun@f后勤科学研究所译
210    @a北京@c金盾出版社@d1984
215    @a494页@d25cm
606    @a物资储备
606    @a物资调度
606 0  @a物资经济
690    @aF25
711 02 @a解放军后勤科学研究所@Ajie fang jun hou qin ke xue yan jiu suo@4译
801  0 @aCN@b上海图书馆@c20040429
801  2 @aCN@bNLC@c20040429
905    @f1@b103913@dF25@e1
    
    物资储存与搬运/后勤科学研究所译.-北京:金盾出版社,1984
    494页;25cm
    
    
    ISBN :CNY3.70
    
●
相关链接 在E读中查询图书 在五车中查询图书 在当当中查询图书 在豆瓣中查询图书


正题名:物资储存与搬运     索取号:F25/1         预约/预借

序号 登录号 条形码 馆藏地/架位号 状态 备注
1 0103913   000209599   第一借阅区/ [索取号:F25/1] 在馆    
2 0103914   000209633   第一样本阅览室/ [索取号:F25/1] 在馆    
唐山师范学院图书馆 欢迎您!
大连网信软件有限公司© 版权所有